| 000 | 01019nam a22003257a 4500 | ||
|---|---|---|---|
| 003 | CHAP | ||
| 005 | 20220817041820.0 | ||
| 008 | 971013s1972 r 00010 d | ||
| 010 | _a25416 | ||
| 011 | _a26388 | ||
| 035 | _a30489 | ||
| 040 | _cCHAP | ||
| 082 |
_a301.3 _bE47 1972 |
||
| 100 | 0 | 0 |
_aEhrlich, Paul R. _935781 |
| 245 | _aPopulation; resources; environment; issues in human ecology | ||
| 250 | _a2 ed. | ||
| 260 |
_aSan Francisco : _bFreeman, _c1972 |
||
| 300 |
_a509 p. _b: ilus. |
||
| 590 |
_aBATCH-UPD _b10 _c20130110 _lUCH01 _h0055 |
||
| 590 |
_aBATCH-UPD _b10 _c20130110 _lUCH01 _h1747 |
||
| 590 |
_aBATCH-UPD _b10 _c20130410 _lUCH01 _h1125 |
||
| 590 |
_aBATCH-UPD _b10 _c20130914 _lUCH01 _h1248 |
||
| 590 |
_aCONVERSION _b10 _c20130109 _lUCH01 _h1315 |
||
| 650 | 1 | 4 | _aEcologĂa humana. |
| 650 | 1 | 4 |
_aHombre _xInfluencia del medio ambiente. _956040 |
| 650 | 1 | 4 |
_aRecursos naturales. _995172 |
| 901 | _aBK | ||
| 942 | _cLIBRO | ||
| 949 |
_a301.3 E47 1972 _bBC _cLIBRO _d33724000292215 _eLIBRO _h17453 _i30489 _si |
||
| 999 |
_c25416 _d25416 |
||